[Event "RSA-chT U20A"]
[Site "Boksburg"]
[Date "2018.12.18"]
[Round "5.2"]
[White "Mampane, Mohlomphegi"]
[Black "Lynch, Justin"]
[Result "1-0"]
[WhiteElo "1332"]
[BlackElo "1849"]
[PlyCount "76"]
[EventDate "2018.12.16"]
[EventType "team-tourn"]
[EventRounds "7"]
[EventCountry "RSA"]
[SourceTitle "EXT 2020"]
[Source "ChessBase"]
[SourceDate "2019.10.17"]
[SourceVersion "1"]
[SourceVersionDate "2019.10.17"]
[SourceQuality "1"]
[WhiteTeam "Capricorn U20"]
[BlackTeam "Western Province U20"]
[WhiteTeamCountry "RSA"]
[BlackTeamCountry "RSA"]

1. e4 c6 2. d4 d6 3. Nc3 Nf6 4. Nf3 Bg4 5. Be2 Bxf3 6. Bxf3 Nbd7 7. 0-0 g6 8. Bf4 Qc7 9. Re1 e5 10. Be3 Bg7 11. dxe5 Nxe5 12. Be2 0-0 13. f4 Ned7 14. Bd3 Rfe8 15. Qf3 b5 16. a3 a5 17. Ne2 Rab8 18. Nd4 Nc5 19. Bf2 Nfd7 20. b4 Ne6 21. Nxe6 Rxe6 22. Rab1 axb4 23. axb4 Ra8 24. c4 bxc4 25. Bxc4 Ree8 26. Qb3 Nb6 27. Bxf7+ Qxf7 28. Qxf7+ Kxf7 29. Bxb6 Ra4 30. e5 dxe5 31. fxe5 Bxe5 32. Bc5 Ra2 33. Rf1+ Ke6 34. Rf2 Ra4 35. Re2 Kd5 36. Rd1+ Ke6 37. Rxe5+ Kxe5 38. Re1+ Kd5 1-0

[Event "RSA-chT U18"]
[Site "Cape Town"]
[Date "2016.01.05"]
[Round "3.6"]
[White "Mampane, Mohlomphegi"]
[Black "Woest, Herman"]
[Result "1/2-1/2"]
[WhiteElo "1240"]
[BlackElo "1323"]
[PlyCount "43"]
[EventDate "2016.01.04"]
[EventType "team-tourn"]
[EventRounds "7"]
[EventCountry "RSA"]
[SourceTitle "CBM 170 Extra"]
[Source "ChessBase"]
[SourceDate "2016.02.25"]
[SourceVersion "1"]
[SourceVersionDate "2016.02.25"]
[SourceQuality "1"]
[WhiteTeam "Capricorn"]
[BlackTeam "Johannesburg Metro"]
[WhiteTeamCountry "RSA"]
[BlackTeamCountry "RSA"]

1. d4 c6 2. Nf3 d5 3. c4 e6 4. Nc3 Nf6 5. a3 c5 6. Bg5 Be7 7. e3 0-0 8. dxc5 Bxc5 9. cxd5 exd5 10. Bxf6 Qxf6 11. Qxd5 Bb6 12. Qg5 Nd7 13. Qxf6 Nxf6 14. Be2 Be6 15. 0-0 Rfd8 16. Rfd1 Bb3 17. Re1 Ng4 18. h3 Nxe3 19. fxe3 Bxe3+ 20. Kh1 a6 21. Rac1 Bxc1 22. Rxc1 1/2-1/2